Statistics for Guess the logo spelling

Click here to take the quiz!

General Stats

  • This quiz has been taken 72 times
  • The average score is 10 of 10

Answer Stats

QuestionAnswer% Correct
Ta__etTarget
100%
Domi__sDominos
98%
K__KFC
98%
Netfl__None of these
98%
Wal___tNone of these
98%
Pi__a Hu_Pizza Hut
98%
Cost__Costco
97%
No__aNokia
97%
De__Dell
95%
Best ___Best Buy
94%

Score Distribution

Percentile by Number Answered

Percent of People with Each Score

Your Score History

You have not taken this quiz